[Event "RM-2021-0-00240"]
[Site "LSS email"]
[Date "2021.04.19"]
[Round "?"]
[White "Schmidt, Johannes"]
[Black "Nichols, Scott"]
[Result "1/2-1/2"]
[WhiteElo "2291"]
[BlackElo "2340"]
[PlyCount "74"]
[EventDate "2021.03.05"]
[EventType "tourn (corr)"]
[EventRounds "6"]
[EventCountry "GER"]
[SourceTitle "Corr 2024"]
[Source "ChessBase"]
[SourceDate "2023.10.19"]
[SourceVersion "1"]
[SourceVersionDate "2023.10.19"]
[SourceQuality "1"]

1. e4 e5 2. Nf3 Nc6 3. Bc4 Bc5 4. c3 Nf6 5. d3 h6 6. b4 Bb6 7. a4 a6 8. Nbd2 d6 9. h3 0-0 10. 0-0 Be6 11. Bxe6 fxe6 12. Qb3 Qe8 13. Nc4 Ba7 14. Be3 Bxe3 15. fxe3 Nd8 16. Ncd2 Nf7 17. c4 Qe7 18. Qc3 h5 19. c5 g5 20. d4 Nd7 21. Nh2 Nf6 22. c6 bxc6 23. Qxc6 g4 24. Rac1 Rab8 25. b5 axb5 26. axb5 exd4 27. exd4 Ng5 28. h4 g3 29. Nhf3 Nxf3+ 30. Rxf3 Ng4 31. Rxf8+ Rxf8 32. Nf3 Qf7 33. Qxc7 Qxc7 34. Rxc7 Rb8 35. Rc3 Rxb5 36. Kf1 Rb2 37. Ng5 Nh2+ 1/2-1/2

[Event "WC-2021-S-00002"]
[Site "LSS email"]
[Date "2021.04.03"]
[Round "?"]
[White "Schmidt, Johannes"]
[Black "Willmann, Bernd"]
[Result "1/2-1/2"]
[WhiteElo "2287"]
[BlackElo "2359"]
[PlyCount "42"]
[EventDate "2021.04.03"]
[EventType "tourn (corr)"]
[EventRounds "6"]
[EventCountry "GER"]
[SourceTitle "Corr 2024"]
[Source "ChessBase"]
[SourceDate "2023.10.19"]
[SourceVersion "1"]
[SourceVersionDate "2023.10.19"]
[SourceQuality "1"]

1. e4 c5 2. Nc3 Nc6 3. Nf3 e5 4. Bc4 Be7 5. d3 d6 6. 0-0 h6 7. Ne1 Nf6 8. f4 exf4 9. Bxf4 a6 10. Nf3 0-0 11. a3 Be6 12. Nd5 b5 13. Ba2 Re8 14. Bd2 Rc8 15. Bc3 Nh7 16. Qe1 Bf6 17. Nxf6+ Nxf6 18. Qh4 Bxa2 19. Bxf6 Qxf6 20. Qxf6 gxf6 21. Rxa2 c4 1/2-1/2

[Event "WC-2019-S-00003"]
[Site "LSS email"]
[Date "2019.08.28"]
[Round "?"]
[White "Cvak, Rudolf"]
[Black "Schmidt, Johannes"]
[Result "1/2-1/2"]
[WhiteElo "2372"]
[BlackElo "2262"]
[PlyCount "23"]
[EventDate "2019.09.01"]
[EventType "tourn (corr)"]
[EventRounds "12"]
[EventCountry "GER"]
[SourceTitle "Corr 2024"]
[Source "ChessBase"]
[SourceDate "2023.10.19"]
[SourceVersion "1"]
[SourceVersionDate "2023.10.19"]
[SourceQuality "1"]

1. e4 c5 2. Nc3 Nc6 3. Nf3 d6 4. Bc4 Nf6 5. d4 cxd4 6. Nxd4 e6 7. 0-0 Be7 8. Be3 0-0 9. Bb3 Bd7 10. Qe2 a6 11. a4 Na5 12. Ba2 1/2-1/2

[Event "WC-2019-S-00003"]
[Site "LSS email"]
[Date "2019.08.28"]
[Round "?"]
[White "Schmidt, Johannes"]
[Black "Sidenko, Anatoly"]
[Result "0-1"]
[WhiteElo "2262"]
[BlackElo "2369"]
[PlyCount "76"]
[EventDate "2019.09.01"]
[EventType "tourn (corr)"]
[EventRounds "12"]
[EventCountry "GER"]
[SourceTitle "Corr 2024"]
[Source "ChessBase"]
[SourceDate "2023.10.19"]
[SourceVersion "1"]
[SourceVersionDate "2023.10.19"]
[SourceQuality "1"]

1. e4 c5 2. Nc3 d6 3. Nf3 Nf6 4. d4 cxd4 5. Nxd4 a6 6. f4 Nbd7 7. Be2 b5 8. 0-0 g6 9. e5 dxe5 10. fxe5 Nxe5 11. Bf4 Nfd7 12. Nf3 Bg7 13. Nxe5 Bxe5 14. Qd5 Bxc3 15. Qxa8 Bxb2 16. Rad1 Qb6+ 17. Kh1 0-0 18. Qe4 Bf6 19. c4 b4 20. Bh6 Re8 21. Be3 Qc7 22. Bf4 Qc5 23. Bd6 Qa5 24. c5 Kf8 25. Bf4 Qxc5 26. Rc1 Bc3 27. Bc4 e6 28. Bb3 f5 29. Bd2 Nf6 30. Qf3 Bd7 31. Bxc3 bxc3 32. Rxc3 Qe5 33. Rfc1 Re7 34. Rc5 Qb2 35. Rc7 Ne8 36. Qc3 Qxc3 37. R7xc3 e5 38. Rc5 Nf6 0-1

[Event "WC-2018-Q-00012"]
[Site "LSS email"]
[Date "2018.09.16"]
[Round "?"]
[White "Schmidt, Johannes"]
[Black "Broniek, Mariusz Maciej"]
[Result "1/2-1/2"]
[WhiteElo "2254"]
[BlackElo "2414"]
[PlyCount "98"]
[EventDate "2018.09.22"]
[EventType "tourn (corr)"]
[EventRounds "12"]
[EventCountry "GER"]
[SourceTitle "Corr 2022"]
[Source "ChessBase"]
[SourceDate "2021.10.24"]
[SourceVersion "1"]
[SourceVersionDate "2021.10.24"]
[SourceQuality "1"]

1. e4 c5 2. Nc3 a6 3. Nf3 d6 4. d4 cxd4 5. Nxd4 Nf6 6. h3 e5 7. Nde2 h5 8. g3 Be6 9. Bg2 b5 10. 0-0 Nbd7 11. Nd5 Nxd5 12. exd5 Bf5 13. Be3 Be7 14. f4 Rc8 15. c3 Bh7 16. fxe5 dxe5 17. d6 Bg5 18. Bf2 0-0 19. a4 Nf6 20. axb5 axb5 21. Ra6 Rb8 22. Kh2 Be4 23. Bxe4 Nxe4 24. Qd5 Nf6 25. Qc5 b4 26. cxb4 Ne4 27. Qd5 Nxf2 28. Rxf2 h4 29. b5 hxg3+ 30. Nxg3 Bf4 31. Rf3 Kh7 32. Kg2 Qg5 33. d7 f5 34. Ra1 e4 35. Rb3 e3 36. Qf3 Rbd8 37. Rd1 Bxg3 38. Qxg3 e2 39. Re1 Qe7 40. Re3 Qxd7 41. Re5 Rf6 42. Qf3 Qd3 43. Qxd3 Rxd3 44. R1xe2 Rb3 45. h4 g6 46. Rc5 Rb6 47. h5 R3xb5 48. Rxb5 Rxb5 49. hxg6+ Kxg6 1/2-1/2

[Event "WC-2018-S-00008"]
[Site "LSS email"]
[Date "2018.08.23"]
[Round "?"]
[White "Kuhne, Detlev"]
[Black "Schmidt, Johannes"]
[Result "1-0"]
[WhiteElo "2467"]
[BlackElo "2254"]
[PlyCount "125"]
[EventDate "2018.09.01"]
[EventType "tourn (corr)"]
[EventRounds "12"]
[EventCountry "GER"]
[SourceTitle "Corr 2022"]
[Source "ChessBase"]
[SourceDate "2021.10.24"]
[SourceVersion "1"]
[SourceVersionDate "2021.10.24"]
[SourceQuality "1"]

1. d4 d5 2. c4 e6 3. Nc3 Nf6 4. Nf3 c6 5. Bg5 dxc4 6. e4 b5 7. e5 h6 8. Bh4 g5 9. Nxg5 hxg5 10. Bxg5 Nbd7 11. g3 Rg8 12. h4 Rxg5 13. hxg5 Nd5 14. g6 fxg6 15. Qg4 Qe7 16. Bg2 Qf7 17. Be4 Ne7 18. Nxb5 cxb5 19. Bxa8 Nb6 20. Be4 Bd7 21. Rh8 Bc6 22. f3 Kd7 23. Ke2 Bg7 24. Rh7 a5 25. Qf4 Ke8 26. Qd2 a4 27. Rah1 Nbd5 28. a3 Kf8 29. Rh8+ Ng8 30. Bxd5 Bxd5 31. Qb4+ Ke8 32. Qxb5+ Ke7 33. Qb4+ Kd7 34. Qxa4+ Kd8 35. Qa5+ Kc8 36. Qa6+ Kd8 37. Qb6+ Kc8 38. Kd2 Bxh8 39. Rxh8 Bxf3 40. Qa6+ Kb8 41. Qxc4 Bd5 42. Qb5+ Ka7 43. Qa5+ Kb7 44. Ke1 Qg7 45. Rh2 Ne7 46. Qb5+ Ka8 47. Qa6+ Kb8 48. Qb6+ Bb7 49. Qxe6 Nc8 50. Qc4 Qd7 51. a4 g5 52. Kd2 Qf5 53. a5 g4 54. Qb4 Kc7 55. Qc3+ Kb8 56. Rh8 Qf7 57. Kc1 Qg7 58. Rh2 Qf8 59. b4 Bg2 60. Rh7 Bd5 61. Qc7+ Ka8 62. Rh2 Be4 63. Qc4 1-0

[Event "WC-2018-S-00008"]
[Site "LSS email"]
[Date "2018.08.23"]
[Round "?"]
[White "Schmidt, Johannes"]
[Black "Wosch, Arkadiusz Janusz"]
[Result "1/2-1/2"]
[WhiteElo "2254"]
[BlackElo "2404"]
[PlyCount "58"]
[EventDate "2018.09.01"]
[EventType "tourn (corr)"]
[EventRounds "12"]
[EventCountry "GER"]
[SourceTitle "Corr 2022"]
[Source "ChessBase"]
[SourceDate "2021.10.24"]
[SourceVersion "1"]
[SourceVersionDate "2021.10.24"]
[SourceQuality "1"]

1. e4 c5 2. Nc3 Nc6 3. Nf3 e6 4. Bb5 Nd4 5. 0-0 a6 6. Bd3 Nc6 7. Be2 Nd4 8. Bd3 Nc6 9. Be2 Nd4 10. a4 d6 11. Nxd4 cxd4 12. Na2 Ne7 13. Nb4 g6 14. c4 Bg7 15. a5 0-0 16. d3 Bd7 17. Bg5 h6 18. Bd2 b6 19. Nc2 b5 20. Re1 Rb8 21. b3 Nc6 22. b4 Qe7 23. Rb1 Na7 24. Na3 Qd8 25. Rc1 Kh7 26. Qc2 Qe7 27. Qd1 Rfc8 28. h3 Bc6 29. Bf1 e5 1/2-1/2

[Event "WC-2017-Q-00012"]
[Site "LSS email"]
[Date "2017.08.22"]
[Round "?"]
[White "Schmidt, Johannes"]
[Black "Hillebrand, Carsten"]
[Result "1/2-1/2"]
[WhiteElo "2189"]
[BlackElo "2025"]
[PlyCount "82"]
[EventDate "2017.09.01"]
[EventType "tourn (corr)"]
[EventRounds "12"]
[EventCountry "GER"]
[SourceTitle "Corr 2022"]
[Source "ChessBase"]
[SourceDate "2021.10.24"]
[SourceVersion "1"]
[SourceVersionDate "2021.10.24"]
[SourceQuality "1"]

1. e4 c5 2. Nc3 Nc6 3. Nf3 e5 4. Bc4 Be7 5. d3 Nf6 6. Nd2 d6 7. Nf1 Bg4 8. f3 Be6 9. Ne3 0-0 10. 0-0 Nh5 11. a4 Bg5 12. Ncd5 Ne7 13. Nxe7+ Qxe7 14. b3 b6 15. g3 Bxe3+ 16. Bxe3 Nf6 17. Qe2 a6 18. Bxe6 Qxe6 19. f4 exf4 20. gxf4 Qg4+ 21. Qg2 Rfe8 22. c4 d5 23. e5 dxc4 24. bxc4 Rad8 25. a5 Rxd3 26. Bf2 Qxg2+ 27. Kxg2 Ne4 28. axb6 Rb8 29. Rxa6 Rb3 30. Rfa1 g6 31. R1a5 Rb2 32. Kf3 Nxf2 33. Ra8 Rxa8 34. Rxa8+ Kg7 35. Ra5 Rxb6 36. Kxf2 Rb2+ 37. Kg3 Rb3+ 38. Kg4 h5+ 39. Kg5 Rb2 40. h3 Rg2+ 41. Kh4 Rf2 1/2-1/2

[Event "WC-2017-Q-00012"]
[Site "LSS email"]
[Date "2017.08.22"]
[Round "?"]
[White "Schmidt, Johannes"]
[Black "Kahl, Fred"]
[Result "1/2-1/2"]
[WhiteElo "2189"]
[BlackElo "2394"]
[PlyCount "78"]
[EventDate "2017.09.01"]
[EventType "tourn (corr)"]
[EventRounds "12"]
[EventCountry "GER"]
[SourceTitle "Corr 2022"]
[Source "ChessBase"]
[SourceDate "2021.10.24"]
[SourceVersion "1"]
[SourceVersionDate "2021.10.24"]
[SourceQuality "1"]

1. e4 e5 2. Nf3 Nc6 3. Bb5 a6 4. Bxc6 dxc6 5. 0-0 Qf6 6. d4 exd4 7. Bg5 Qd6 8. Nxd4 Bd7 9. Nc3 Be7 10. Bxe7 Nxe7 11. Nb3 Qxd1 12. Raxd1 b6 13. f4 0-0-0 14. Nd2 c5 15. Nf3 Nc6 16. h3 f5 17. e5 Be6 18. b3 h6 19. Rxd8+ Rxd8 20. Kf2 c4 21. Rd1 Rxd1 22. Nxd1 Kd7 23. Ne3 cxb3 24. cxb3 Nb4 25. Nd4 Nxa2 26. Nexf5 Bxf5 27. Nxf5 Nc1 28. Ke3 Nxb3 29. Nxg7 a5 30. f5 a4 31. f6 Nc5 32. Kd4 a3 33. Kc3 a2 34. Kb2 Nd3+ 35. Kxa2 Nxe5 36. Kb3 c5 37. g4 Nf7 38. Nh5 Ke6 39. h4 b5 1/2-1/2

[Event "SA-2017-0-00581"]
[Site "LSS email"]
[Date "2017.06.21"]
[Round "?"]
[White "Schmidt, Johannes"]
[Black "Cleto, Dirceu Jr"]
[Result "1-0"]
[WhiteElo "2107"]
[BlackElo "2280"]
[PlyCount "71"]
[EventDate "2017.05.23"]
[EventType "tourn (corr)"]
[EventRounds "6"]
[EventCountry "GER"]
[SourceTitle "Corr 2022"]
[Source "ChessBase"]
[SourceDate "2021.10.24"]
[SourceVersion "1"]
[SourceVersionDate "2021.10.24"]
[SourceQuality "1"]

1. e4 c5 2. Nc3 Nc6 3. Nf3 e5 4. Bc4 Be7 5. d3 Nf6 6. 0-0 0-0 7. Nd5 d6 8. c3 Nxd5 9. Bxd5 Kh8 10. Qb3 f5 11. exf5 Na5 12. Qa4 Bd7 13. Qd1 Bxf5 14. b4 cxb4 15. cxb4 Nc6 16. b5 Nb4 17. Bxb7 Bxd3 18. Bxa8 Qxa8 19. Re1 e4 20. Bb2 Qb7 21. Nd4 Bf6 22. Qb3 Bxd4 23. Bxd4 Nc2 24. Qb2 e3 25. Bxe3 Nxa1 26. Qxa1 Bxb5 27. Rb1 Qd7 28. h3 Bc6 29. Rb4 Kg8 30. Qc3 Bd5 31. Qd2 Qe6 32. a4 Bc6 33. Qc3 Qd5 34. Rg4 Rf7 35. Bh6 g6 36. Qb4 1-0

[Event "RA-2017-0-00524"]
[Site "LSS email"]
[Date "2017.06.21"]
[Round "?"]
[White "Vaassen, Jack M"]
[Black "Schmidt, Johannes"]
[Result "0-1"]
[WhiteElo "2197"]
[BlackElo "2122"]
[PlyCount "42"]
[EventDate "2017.06.01"]
[EventType "tourn (corr)"]
[EventRounds "6"]
[EventCountry "GER"]
[SourceTitle "Corr 2022"]
[Source "ChessBase"]
[SourceDate "2021.10.24"]
[SourceVersion "1"]
[SourceVersionDate "2021.10.24"]
[SourceQuality "1"]

1. e4 c5 2. Nf3 Nc6 3. d4 cxd4 4. Nxd4 Nf6 5. Nc3 e5 6. Ndb5 d6 7. Bg5 a6 8. Na3 b5 9. Nd5 Be7 10. Bxf6 Bxf6 11. c4 b4 12. Nc2 a5 13. Qf3 Be7 14. a3 bxa3 15. Qxa3 0-0 16. Be2 Rb8 17. 0-0 Be6 18. Rfd1 Bg5 19. h3 Kh8 20. Bf1 f5 21. Nce3 fxe4 0-1

[Event "RA-2017-0-00524"]
[Site "LSS email"]
[Date "2017.06.21"]
[Round "?"]
[White "Zhdanenia, Konstantin A"]
[Black "Schmidt, Johannes"]
[Result "1/2-1/2"]
[WhiteElo "1948"]
[BlackElo "2122"]
[PlyCount "67"]
[EventDate "2017.06.01"]
[EventType "tourn (corr)"]
[EventRounds "6"]
[EventCountry "GER"]
[SourceTitle "Corr 2022"]
[Source "ChessBase"]
[SourceDate "2021.10.24"]
[SourceVersion "1"]
[SourceVersionDate "2021.10.24"]
[SourceQuality "1"]

1. f4 d5 2. Nf3 g6 3. g3 Bg7 4. Bg2 Nf6 5. 0-0 c5 6. d3 0-0 7. Qe1 Nc6 8. c3 b6 9. Na3 Qd7 10. Nc2 Bb7 11. b4 Rac8 12. Rb1 Ba8 13. Bb2 Rfd8 14. e3 Qe8 15. Qe2 e5 16. fxe5 Nxe5 17. Nxe5 Qxe5 18. bxc5 bxc5 19. c4 Qe6 20. cxd5 Bxd5 21. Bxd5 Nxd5 22. Bxg7 Kxg7 23. Rb7 Rc7 24. Rxc7 Nxc7 25. Ne1 Qe7 26. e4 Nb5 27. Qb2+ Nd4 28. Nf3 Kg8 29. Nxd4 Rxd4 30. Qb5 h5 31. Rc1 Qd6 32. Rxc5 Rxd3 33. Rd5 Rxd5 34. exd5 1/2-1/2